000 00633nam a2200205Ia 4500
005 20251020182523.0
008 200515s9999 xx 000 0 und d
082 _a691.32:551.54/I59
245 0 _aCurado acelerado del concreto a presión atmosférica
260 _aMéxico, D.F.
260 _cs.a.
300 _aImcyc
500 _a1 ejemplar
520 _aEl curado acelerado se aplica, en gran medida, a elementos estructurales prefabricados de concreto, a tuberías, a piezas de mampostería y a elementos preforzados
650 _aCONCRETO
650 _aCURADO
650 _aLIB
650 _aPUB IMCYC
942 _cLIB
999 _c1825
_d1825